[Event "XIV Festival A"]
[Site "Porto San Giorgio ITA"]
[Date "2002.08.24"]
[Round "5"]
[White "Friedrich, Norbert"]
[Black "Sbraccia, Giovanni"]
[Result "1/2-1/2"]
[WhiteElo "2296"]
[BlackElo "2130"]
[PlyCount "64"]
[EventDate "2002.08.20"]

1. d4 Nf6 2. Nf3 c5 3. d5 b5 4. Bg5 Qb6 5. c3 Bb7 6. Bxf6 exf6 7. e4 Bd6 8.
Nbd2 O-O 9. Be2 Re8 10. c4 b4 11. O-O Bf8 12. Nh4 g6 13. Bg4 Qd8 14. g3 d6 15.
Kg2 Bc8 16. f4 Bxg4 17. Qxg4 Nd7 18. Qd1 Bh6 19. Nhf3 Kh8 20. Ne1 f5 21. exf5
gxf5 22. Qh5 Qf6 23. Nef3 Re2+ 24. Kh1 Rae8 25. b3 Qg6 26. Qxg6 fxg6 27. Rae1
Kg7 28. Rxe2 Rxe2 29. Re1 Rxe1+ 30. Nxe1 Kf6 31. Kg2 g5 32. Nd3 g4 1/2-1/2

[Event "XIV Festival A"]
[Site "Porto San Giorgio ITA"]
[Date "2002.08.24"]
[Round "5"]
[White "Laketic, Gojko"]
[Black "Campora Perez, Daniel"]
[Result "1-0"]
[WhiteElo "2448"]
[BlackElo "2136"]
[PlyCount "71"]
[EventDate "2002.08.20"]

1. d4 Nf6 2. Nf3 e6 3. c4 d5 4. Nc3 c5 5. cxd5 Nxd5 6. e4 cxd4 7. Bb5+ Bd7 8.
exd5 dxc3 9. dxe6 fxe6 10. Bxd7+ Qxd7 11. Qb3 Nc6 12. O-O O-O-O 13. Qxc3 Bb4
14. Qc2 Qd3 15. Qxd3 Rxd3 16. Be3 e5 17. Rfc1 Kb8 18. Rxc6 bxc6 19. Nxe5 Rd6
20. Nf7 Rf8 21. Nxd6 Bxd6 22. Rd1 Kc7 23. Bxa7 Ra8 24. Bd4 Rd8 25. g3 g6 26.
Bc3 Ra8 27. a3 c5 28. Kg2 Kc6 29. f4 Re8 30. Kf3 c4 31. Rd4 Bc5 32. Re4 Rd8 33.
Rxc4 Rd3+ 34. Ke2 Re3+ 35. Kd2 Rf3 36. Rxc5+ 1-0

[Event "XIV Festival A"]
[Site "Porto San Giorgio ITA"]
[Date "2002.08.24"]
[Round "5"]
[White "Pietrobon, Fabio"]
[Black "Ferri, Stefano"]
[Result "1-0"]
[WhiteElo "2217"]
[BlackElo "2083"]
[PlyCount "155"]
[EventDate "2002.08.20"]

1. d4 d5 2. Nf3 Nf6 3. Bf4 c6 4. Nbd2 e6 5. e3 Nbd7 6. Bd3 Be7 7. Ne5 Qb6 8.
Rb1 c5 9. c3 Nxe5 10. dxe5 Nd7 11. O-O g5 12. Bg3 h5 13. h3 c4 14. Bc2 Qc7 15.
f4 b5 16. Qf3 g4 17. hxg4 h4 18. Bf2 Bb7 19. e4 O-O-O 20. b3 f6 21. bxc4 fxe5
22. Rxb5 Bc6 23. Rb3 exf4 24. cxd5 exd5 25. exd5 Ne5 26. Bf5+ Bd7 27. Qxf4 Bd6
28. Ne4 h3 29. Rfb1 Nf3+ 30. Qxf3 Bh2+ 31. Kh1 hxg2+ 32. Kxg2 Qa5 33. Rb8+ Bxb8
34. d6 Bxf5 35. Qxf5+ Qxf5 36. gxf5 Bxd6 37. Bxa7 Rh2+ 38. Kf3 Bc7 39. Bd4 Rxa2
40. f6 Kd7 41. Rf1 Ke6 42. Ke3 Rh8 43. Ng5+ Kd5 44. f7 Rf8 45. Rf5+ Kc6 46. Nh7
Bd6 47. Bg7 Rc8 48. f8=Q Bxf8 49. Nxf8 Rg2 50. Be5 Re8 51. Kd3 Rg8 52. Nh7 Kd5
53. Nf6+ Ke6 54. Rh5 Rd8+ 55. Kc4 Rg6 56. Nh7 Rg4+ 57. Bd4 Kf7 58. Rd5 Rc8+ 59.
Rc5 Rb8 60. Ng5+ Ke7 61. Nf3 Rf4 62. Ne5 Ke8 63. Rc7 Rb1 64. Ra7 Rff1 65. Bc5
Kd8 66. Kd5 Ke8 67. Kc6 Ra1 68. Re7+ Kd8 69. Rh7 Rf6+ 70. Kd5 Rd1+ 71. Bd4 Rf4
72. Nc6+ Kc8 73. c4 Rg4 74. Kc5 Rg5+ 75. Be5 Rd7 76. Rh8+ Kb7 77. Rb8+ Ka6 78.
Rb6# 1-0

[Event "XIV Festival A"]
[Site "Porto San Giorgio ITA"]
[Date "2002.08.24"]
[Round "5"]
[White "Popchev, Milko"]
[Black "Ortega, Lexy"]
[Result "0-1"]
[WhiteElo "2419"]
[BlackElo "2467"]
[PlyCount "116"]
[EventDate "2002.08.20"]

1. d4 d5 2. Bf4 g6 3. Nf3 Bg7 4. e3 Nc6 5. c4 e6 6. Nc3 a6 7. Be2 Nge7 8. O-O
O-O 9. Rc1 b6 10. a3 Bb7 11. cxd5 exd5 12. b4 h6 13. h3 Nf5 14. Qb3 Nce7 15. b5
axb5 16. Nxb5 c6 17. Nc7 Ra7 18. Qxb6 Nc8 19. Qb1 Nfd6 20. Ne6 fxe6 21. Qxg6
Qe8 22. Qb1 Ba6 23. Rfe1 Bxe2 24. Rxe2 Nc4 25. Bg3 N8d6 26. Bxd6 Nxd6 27. Qb6
Rxa3 28. Qxc6 Ra1 29. Ree1 Rxc1 30. Rxc1 Nc4 31. Qxe8 Rxe8 32. Ra1 Bf8 33. Ra6
Bd6 34. g4 Rb8 35. g5 Rb1+ 36. Kg2 Rb2 37. Kg1 Rb1+ 38. Kg2 Rb2 39. Kg1 Rb6 40.
Ra7 hxg5 41. Nxg5 Bf8 42. Kg2 Bh6 43. Nh7 e5 44. dxe5 Rg6+ 45. Kf1 Nxe5 46. h4
Nf3 47. h5 Re6 48. Kg2 Nd2 49. Kh3 Ne4 50. Kg4 Bg7 51. Ng5 Nxf2+ 52. Kh4 Re8
53. Ra6 Ne4 54. Rg6 Nxg5 55. Rxg5 Re4+ 56. Rg4 Rxg4+ 57. Kxg4 Bh6 58. Kf3 Kf7
0-1

[Event "XIV Festival A"]
[Site "Porto San Giorgio ITA"]
[Date "2002.08.24"]
[Round "5"]
[White "Rigo, Janos"]
[Black "Arlandi, Ennio"]
[Result "1/2-1/2"]
[WhiteElo "2303"]
[BlackElo "2454"]
[PlyCount "89"]
[EventDate "2002.08.20"]

1. e4 c5 2. Nf3 e6 3. d4 cxd4 4. Nxd4 Nf6 5. Nc3 d6 6. g4 h6 7. Rg1 Be7 8. Be3
Nc6 9. Be2 a6 10. Qd2 Qc7 11. h4 Nh7 12. g5 hxg5 13. hxg5 Nf8 14. O-O-O Bd7 15.
f4 O-O-O 16. Rh1 Rxh1 17. Rxh1 g6 18. Nb3 Na5 19. Kb1 Nc4 20. Bxc4 Qxc4 21. Bb6
Re8 22. Na5 Qb4 23. Qe3 Bd8 24. Bxd8 Rxd8 25. Nb3 Kc7 26. Rd1 Bc6 27. a4 Qb6
28. Qd2 Kc8 29. a5 Qc7 30. Qd4 e5 31. Qe3 exf4 32. Qxf4 Qe7 33. Nd4 Ne6 34.
Nxe6 fxe6 35. e5 dxe5 36. Rxd8+ Kxd8 37. Qxe5 Qf7 38. b4 Qf5 39. Qh8+ Ke7 40.
Qg7+ Kd6 41. Qd4+ Kc7 42. Qg7+ Kd8 43. Qh8+ Ke7 44. Qg7+ Kd6 45. Qd4+ 1/2-1/2

[Event "XIV Festival A"]
[Site "Porto San Giorgio ITA"]
[Date "2002.08.24"]
[Round "5"]
[White "Roeder, Matthias"]
[Black "Cocchi, Andrea"]
[Result "1-0"]
[WhiteElo "2485"]
[BlackElo "2281"]
[PlyCount "75"]
[EventDate "2002.08.20"]

1. d4 d6 2. Nf3 Nf6 3. c4 Nbd7 4. Nc3 e5 5. g3 c6 6. Bg2 Be7 7. e4 O-O 8. O-O
Re8 9. h3 Bf8 10. Be3 Qc7 11. Re1 a6 12. Rc1 b5 13. cxb5 axb5 14. a3 Qb8 15.
Qb3 Ba6 16. Bf1 Qb7 17. Nd2 Rab8 18. Qa2 Ra8 19. b4 exd4 20. Bxd4 c5 21. bxc5
dxc5 22. Bxf6 Nxf6 23. e5 b4 24. Bg2 Qd7 25. Bxa8 bxc3 26. Ne4 Rxa8 27. exf6
Qd4 28. Rxc3 Bd3 29. fxg7 Bxg7 30. Rxd3 Qxd3 31. Nxc5 Qc3 32. Re7 Qf6 33. Qe2
Bf8 34. Re5 Bxc5 35. Rxc5 Rxa3 36. Qg4+ Kf8 37. Rc8+ Ke7 38. Qb4+ 1-0

[Event "XIV Festival A"]
[Site "Porto San Giorgio ITA"]
[Date "2002.08.24"]
[Round "5"]
[White "Rotstein, Arkadij"]
[Black "Dragojlovic, Andjelko"]
[Result "1-0"]
[WhiteElo "2557"]
[BlackElo "2351"]
[PlyCount "61"]
[EventDate "2002.08.20"]

1. c4 Nf6 2. Nc3 g6 3. e4 c5 4. Nf3 Bg7 5. d4 cxd4 6. Nxd4 d6 7. Be2 O-O 8. O-O
a6 9. Be3 b6 10. f3 Bb7 11. Qd2 Re8 12. Rfd1 Nbd7 13. Rac1 Rc8 14. Bf1 e6 15.
Nc2 Bf8 16. Bh6 Be7 17. Kh1 Qc7 18. Nd4 Qb8 19. Qf2 Ne5 20. b3 d5 21. exd5 exd5
22. Nxd5 Nxd5 23. cxd5 Rxc1 24. Rxc1 Bxd5 25. Bxa6 Bc5 26. Qh4 Qd8 27. Qf4 f6
28. Bb5 Re7 29. Rd1 Qc7 30. Qxf6 Rf7 31. Ne6 1-0

[Event "XIV Festival A"]
[Site "Porto San Giorgio ITA"]
[Date "2002.08.24"]
[Round "5"]
[White "Rubino, Aniello"]
[Black "Fercec, Nenad"]
[Result "0-1"]
[WhiteElo "2163"]
[BlackElo "2494"]
[PlyCount "114"]
[EventDate "2002.08.20"]

1. e4 c5 2. Nf3 d6 3. c3 Nf6 4. h3 g6 5. Bd3 Bg7 6. O-O O-O 7. Bc2 e5 8. Re1
Nc6 9. d3 h6 10. Nbd2 Re8 11. Nf1 d5 12. Ng3 d4 13. Bd2 dxc3 14. bxc3 b6 15.
Qc1 Kh7 16. Rd1 Bb7 17. Be3 Rc8 18. Rb1 Rc7 19. Qa3 Ree7 20. Rbc1 Red7 21. Bb1
Ne8 22. Qb2 Ba6 23. Ne1 Na5 24. Qe2 Rc8 25. Qf3 Nc7 26. Qg4 Ne6 27. Bc2 Rd6 28.
Ne2 h5 29. Qg3 Nc6 30. Qf3 Rc7 31. g4 h4 32. a3 Na5 33. c4 Nc6 34. Ba4 Ncd4 35.
Bxd4 cxd4 36. Rb1 Qe7 37. Bb5 Bc8 38. Nc2 Nc5 39. Nb4 Qg5 40. Nd5 Rb7 41. Rb4
a6 42. Be8 Be6 43. Nc1 Qd8 44. Nb3 Nxb3 45. Rxb3 Qxe8 46. Nf6+ Bxf6 47. Qxf6
Bxg4 48. Qxh4+ Bh5 49. Rdb1 Rc6 50. f4 exf4 51. Qxf4 Qe6 52. Kg2 f6 53. a4 Rc5
54. R1b2 Bd1 55. Rb4 Rh5 56. Qh2 Bf3+ 57. Kg3 Bg4 0-1

[Event "XIV Festival A"]
[Site "Porto San Giorgio ITA"]
[Date "2002.08.24"]
[Round "5"]
[White "Sax, Gyula"]
[Black "Bukal, Vladimir jr"]
[Result "1-0"]
[WhiteElo "2518"]
[BlackElo "2405"]
[PlyCount "55"]
[EventDate "2002.08.20"]

1. e4 e6 2. d4 d5 3. Nc3 Bb4 4. e5 Ne7 5. a3 Bxc3+ 6. bxc3 c5 7. Qg4 Kf8 8. h4
Qa5 9. Bd2 Qa4 10. Rh3 Nbc6 11. h5 h6 12. Qf4 b6 13. Rf3 Nd8 14. c4 Bb7 15.
dxc5 dxc4 16. Rg3 b5 17. Ne2 Qxc2 18. Nd4 Qa4 19. Rb1 Bc6 20. Be2 Rc8 21. Bf3
c3 22. Bxc3 Nf5 23. Bd1 Qxa3 24. Nxf5 exf5 25. e6 Qa2 26. Bxg7+ Ke8 27. Bxh8
Qxb1 28. Rg8+ 1-0

[Event "XIV Festival A"]
[Site "Porto San Giorgio ITA"]
[Date "2002.08.24"]
[Round "5"]
[White "Todorov, Ognjan"]
[Black "Sebastianelli, Dario"]
[Result "0-1"]
[WhiteElo "2376"]
[BlackElo "2221"]
[PlyCount "118"]
[EventDate "2002.08.20"]

1. d4 f5 2. g3 c5 3. d5 Nf6 4. Bg2 g6 5. c4 d6 6. Nc3 Bg7 7. Nh3 Na6 8. Rb1 O-O
9. O-O Nc7 10. b3 a6 11. Bb2 b5 12. Nf4 Rb8 13. Ba1 Ng4 14. e3 Bd7 15. Qe2 Qe8
16. h3 Ne5 17. Nd3 Nxd3 18. Qxd3 Qf7 19. Rfc1 Rb6 20. Nd1 Rfb8 21. Bxg7 Qxg7
22. cxb5 Bxb5 23. Qd2 Be8 24. Nb2 Bb5 25. e4 fxe4 26. Bxe4 Ne8 27. Bg2 Nf6 28.
Rc3 R6b7 29. Re1 Kf8 30. Rce3 Qf7 31. Re6 Qg7 32. Qf4 Kg8 33. Nd1 Rf8 34. Qe3
Rf7 35. Nc3 Be8 36. Bf1 a5 37. Bc4 Kf8 38. Qd3 Nd7 39. R6e3 g5 40. Qe2 Ne5 41.
Qd1 Qf6 42. Rf1 Bd7 43. Qh5 Bf5 44. Be2 Rb4 45. f4 gxf4 46. gxf4 Rg7+ 47. Kh2
Ng6 48. Bc4 Nh4 49. Rf2 Rg6 50. Qe2 Kf7 51. Qd2 Rb8 52. Rfe2 Rbg8 53. Qe1 Kf8
54. Qf1 Qd4 55. Nb5 Qg7 56. Rxe7 Qxe7 57. Rxe7 Kxe7 58. Nc3 Kd8 59. Be2 Rg3 0-1

[Event "XIV Festival A"]
[Site "Porto San Giorgio ITA"]
[Date "2002.08.24"]
[Round "5"]
[White "Tomescu, Vlad"]
[Black "Campora Sivori, Daniel Hugo"]
[Result "1-0"]
[WhiteElo "2438"]
[BlackElo "2522"]
[PlyCount "163"]
[EventDate "2002.08.20"]

1. e4 d6 2. d4 Nf6 3. f3 e5 4. Ne2 c6 5. c4 Be7 6. Nbc3 O-O 7. Be3 exd4 8. Qxd4
Na6 9. O-O-O Qa5 10. Kb1 Re8 11. Qd2 Kh8 12. Nd4 Nc5 13. g4 Bf8 14. Be2 Be6 15.
h4 Nfd7 16. g5 Nb6 17. b3 d5 18. cxd5 cxd5 19. Nc2 Ncd7 20. Nxd5 Qxd2 21. Rxd2
Nxd5 22. exd5 Bf5 23. Bd3 Bxd3 24. Rxd3 Ne5 25. Rc3 Nxf3 26. Bf4 Ne5 27. Rc7 b6
28. Rd1 Bd6 29. Bxe5 Bxe5 30. Rxf7 Kg8 31. Rd7 a5 32. Ne3 a4 33. Nc4 axb3 34.
axb3 Ra1+ 35. Kc2 Ra2+ 36. Kd3 Bg3 37. Rf1 Bf2 38. Rb7 Rd8 39. Ke4 g6 40. d6 b5
41. Rxb5 Bxh4 42. Rh1 Bg3 43. Rb7 Bxd6 44. Rbxh7 Re8+ 45. Kd5 Be5 46. Nxe5 Rd2+
47. Kc4 Rxe5 48. Rh8+ Kf7 49. R1h7+ Ke6 50. Re8+ Kf5 51. Rf7+ Ke4 52. Rxe5+
Kxe5 53. Rf6 Rd4+ 54. Kc3 Rd8 55. Rxg6 Kf5 56. Rg7 Rc8+ 57. Kb2 Rb8 58. Ka2
Ra8+ 59. Kb1 Rc8 60. Kb2 Rb8 61. g6 Kf6 62. Rf7+ Kxg6 63. Rf3 Kg5 64. Kc3 Rc8+
65. Kd4 Rb8 66. Kc4 Rc8+ 67. Kd5 Rb8 68. Kc5 Rc8+ 69. Kb6 Rb8+ 70. Ka7 Rb4 71.
Ka6 Rb8 72. Rc3 Kf6 73. Rc6+ Ke7 74. Rb6 Rc8 75. Rb7+ Kd8 76. b4 Rc4 77. b5 Kc8
78. Rh7 Rb4 79. Kb6 Rb1 80. Rh8+ Kd7 81. Rb8 Rb2 82. Ka7 1-0

[Event "XIV Festival A"]
[Site "Porto San Giorgio ITA"]
[Date "2002.08.24"]
[Round "5"]
[White "Zilahi, Gabor"]
[Black "Malloni, Marcello"]
[Result "0-1"]
[WhiteElo "2108"]
[BlackElo "2261"]
[PlyCount "78"]
[EventDate "2002.08.20"]

1. Nf3 d5 2. d4 Nf6 3. g3 e6 4. Bg2 Be7 5. O-O O-O 6. Nbd2 Nbd7 7. c4 b6 8.
cxd5 Nxd5 9. a3 Bb7 10. Re1 c5 11. e3 Rc8 12. e4 N5f6 13. e5 Nd5 14. Ne4 h6 15.
Qd3 c4 16. Qc2 b5 17. Bd2 Qb6 18. Rad1 Rfd8 19. Bc1 a5 20. Nc3 b4 21. Nxd5 Bxd5
22. axb4 axb4 23. Be3 c3 24. bxc3 Rxc3 25. Qb2 Rdc8 26. Nd2 Bxg2 27. Kxg2 Qc6+
28. Kg1 Nb6 29. Ra1 Nd5 30. Nf1 Qc4 31. Qe2 Qc6 32. Bd2 Rc2 33. Qd3 Qc4 34. Qe4
b3 35. Rab1 b2 36. Ne3 Nxe3 37. Qxe3 Bg5 38. f4 Bd8 39. Red1 Qd5 0-1

[Event "XIV Festival A"]
[Site "Porto San Giorgio ITA"]
[Date "2002.08.24"]
[Round "5"]
[White "Zufic, Miroslav"]
[Black "Zaja, Ivan"]
[Result "1/2-1/2"]
[WhiteElo "2349"]
[BlackElo "2459"]
[PlyCount "117"]
[EventDate "2002.08.20"]

1. e4 e5 2. Nf3 Nc6 3. Bb5 g6 4. O-O Bg7 5. c3 a6 6. Ba4 d6 7. Bxc6+ bxc6 8. d4
exd4 9. cxd4 Bg4 10. Be3 c5 11. Nbd2 cxd4 12. Bxd4 Nf6 13. e5 dxe5 14. Bxe5 O-O
15. Rc1 Qd5 16. Qa4 Rfe8 17. Rfe1 Bf5 18. Qd4 Qxd4 19. Nxd4 Bd3 20. N2b3 Be4
21. Bxc7 Nd5 22. Ba5 Nf4 23. f3 Bd5 24. Rxe8+ Rxe8 25. Rd1 Bc4 26. Nc1 Bxa2 27.
g3 Ne6 28. Nf5 gxf5 29. Nxa2 Bxb2 30. Bc3 Bxc3 31. Nxc3 Rc8 32. Nd5 Rc5 33. Kf2
Kg7 34. Ne3 f4 35. gxf4 Nxf4 36. Rd4 Ne6 37. Ra4 Nc7 38. f4 Kg6 39. Kf3 Rc3 40.
Ke4 f6 41. Ra1 f5+ 42. Nxf5 Rc4+ 43. Kd3 Rxf4 44. Nd4 Rf6 45. Ke4 Ne6 46. Rg1+
Kf7 47. Nf3 Rf4+ 48. Ke3 Rf5 49. Ke4 Kf6 50. Ke3 Ra5 51. Rg8 Ra3+ 52. Ke4 a5
53. Rh8 Nc5+ 54. Kf4 Kg7 55. Ra8 Ne6+ 56. Ke4 h6 57. Ra7+ Kf6 58. Ra6 Ke7 59.
Ra7+ 1/2-1/2

[Event "XIV Festival A"]
[Site "Porto San Giorgio ITA"]
[Date "2002.08.25"]
[Round "6"]
[White "Bruno, Fabio"]
[Black "Campora Perez, Daniel"]
[Result "1-0"]
[WhiteElo "2296"]
[BlackElo "2136"]
[PlyCount "83"]
[EventDate "2002.08.20"]

1. Nf3 Nf6 2. d4 e6 3. e3 d5 4. Nbd2 c5 5. c3 Be7 6. Bd3 b6 7. Ne5 O-O 8. f4
Ba6 9. Bc2 Nfd7 10. Qf3 f5 11. Qh3 Nf6 12. g4 Ne4 13. Nxe4 fxe4 14. g5 Qe8 15.
Rg1 Nc6 16. g6 h6 17. Ng4 Rf6 18. Nxh6+ Kf8 19. Nf7 Rxg6 20. Rxg6 Kxf7 21. Qh5
Bh4+ 22. Rg3+ g6 23. Qxh4 Qh8 24. Qxh8 Rxh8 25. Rg2 Ne7 26. Bd2 Nf5 27. Kf2 Nh4
28. Bd1 Nxg2 29. Kxg2 Rh4 30. Kg3 Rh8 31. h4 Bb5 32. a4 Bd7 33. a5 b5 34. dxc5
Ra8 35. b4 a6 36. Be2 Ke7 37. Rg1 Rh8 38. Be1 Be8 39. Kh2 Rh7 40. Rg5 Kd7 41.
Bg4 Bf7 42. Rxd5+ 1-0

[Event "XIV Festival A"]
[Site "Porto San Giorgio ITA"]
[Date "2002.08.25"]
[Round "6"]
[White "Bukal, Vladimir jr"]
[Black "Glek, Igor V."]
[Result "0-1"]
[WhiteElo "2405"]
[BlackElo "2590"]
[PlyCount "80"]
[EventDate "2002.08.20"]

1. d4 e6 2. Nf3 f5 3. h3 Nf6 4. g4 d5 5. Rg1 c5 6. gxf5 exf5 7. Be3 c4 8. Bf4
Nc6 9. c3 Be6 10. Qc2 g6 11. Nbd2 Bd6 12. Be5 Bxe5 13. dxe5 Ne4 14. Nd4 Bd7 15.
Nxe4 fxe4 16. Qd2 Nxe5 17. Qf4 Nf7 18. h4 Qe7 19. O-O-O Rf8 20. Nc2 Be6 21. Qe3
Qxh4 22. f4 Nd8 23. Nb4 Nc6 24. Nxd5 O-O-O 25. Qxe4 Bxd5 26. Rxd5 Rxd5 27. Qxd5
Rd8 28. Qe6+ Kc7 29. Bh3 Qxf4+ 30. Kb1 Rd6 31. Qc8+ Kb6 32. Qg4 Qe3 33. a4 Rd2
34. a5+ Nxa5 35. Rf1 Qxe2 36. Rf6+ Nc6 37. Qg1+ Ka6 38. Rxc6+ bxc6 39. Bc8+ Kb5
40. Qxa7 Qd1+ 0-1

[Event "XIV Festival A"]
[Site "Porto San Giorgio ITA"]
[Date "2002.08.25"]
[Round "6"]
[White "Campora Sivori, Daniel Hugo"]
[Black "Pietrobon, Fabio"]
[Result "1-0"]
[WhiteElo "2522"]
[BlackElo "2217"]
[PlyCount "71"]
[EventDate "2002.08.20"]

1. e4 c5 2. Nf3 d6 3. d4 cxd4 4. Qxd4 Bd7 5. c4 Nc6 6. Qd2 g6 7. Nc3 Bg7 8. Be2
Nf6 9. O-O O-O 10. Rb1 Rc8 11. b3 Qc7 12. Bb2 Qb8 13. Rfe1 Rfd8 14. h3 Be8 15.
Bf1 Nd7 16. Rbd1 Nde5 17. Nh2 Nd7 18. Nd5 Bxb2 19. Qxb2 e6 20. Ng4 Nce5 21.
Ne7+ Kf8 22. Nxc8 Rxc8 23. Nxe5 dxe5 24. Rd2 a6 25. b4 Qc7 26. Red1 Nb6 27. b5
Nd7 28. Rd6 a5 29. b6 Qd8 30. Qd2 Ke7 31. Qxa5 Ra8 32. Qb4 Kf6 33. Qd2 Ke7 34.
c5 Qc8 35. Qb4 f6 36. c6 1-0

[Event "XIV Festival A"]
[Site "Porto San Giorgio ITA"]
[Date "2002.08.25"]
[Round "6"]
[White "Cioara, Andrei Nestor"]
[Black "Rigo, Janos"]
[Result "1/2-1/2"]
[WhiteElo "2414"]
[BlackElo "2303"]
[PlyCount "85"]
[EventDate "2002.08.20"]

1. e4 c5 2. Nf3 Nc6 3. d4 cxd4 4. Nxd4 Nf6 5. Nc3 g6 6. Bc4 Bg7 7. Be3 O-O 8.
Bb3 Ng4 9. Qxg4 Nxd4 10. Qh4 e6 11. Qxd8 Rxd8 12. O-O-O Nxb3+ 13. axb3 b6 14.
Nb5 Bb7 15. Nd6 Bc6 16. f3 f5 17. exf5 gxf5 18. Rhe1 Be5 19. Nc4 Bf6 20. Bd4
Bg5+ 21. Kb1 d5 22. Ne5 Be8 23. Nd3 Bf7 24. f4 Bh6 25. Re3 Bg7 26. Bxg7 Kxg7
27. Ne5 Kf6 28. Rh3 Bg6 29. Rdd3 Rac8 30. Rc3 Rg8 31. Rxc8 Rxc8 32. Rc3 Rxc3
33. bxc3 Be8 34. Kc1 Ke7 35. Kd2 Kd6 36. Kd3 a5 37. c4 Kc5 38. cxd5 exd5 39.
Nf3 b5 40. c3 a4 41. b4+ Kd6 42. Nd4 Bd7 43. Nc2 1/2-1/2

[Event "XIV Festival A"]
[Site "Porto San Giorgio ITA"]
[Date "2002.08.25"]
[Round "6"]
[White "Fercec, Nenad"]
[Black "Tomescu, Vlad"]
[Result "1-0"]
[WhiteElo "2494"]
[BlackElo "2438"]
[PlyCount "119"]
[EventDate "2002.08.20"]

1. e4 c5 2. Nf3 Nc6 3. d4 cxd4 4. Nxd4 Nf6 5. Nc3 d6 6. f3 e6 7. Be3 a6 8. Qd2
Qc7 9. O-O-O Ne5 10. g4 Nc4 11. Bxc4 Qxc4 12. Nde2 Be7 13. Bf4 e5 14. Bg5 Be6
15. b3 Qc5 16. Ng3 Rc8 17. Kb2 b5 18. Nf5 Bxf5 19. gxf5 Bd8 20. Qe3 Qxe3 21.
Bxe3 Ba5 22. Nd5 Nxd5 23. Rxd5 Bc3+ 24. Kb1 Ke7 25. Rg1 g6 26. Bg5+ f6 27. Be3
Rhg8 28. Rd3 Ba5 29. Rgd1 Rc6 30. f4 gxf5 31. exf5 Bc3 32. Bc1 exf4 33. Rh3 Rg7
34. Bxf4 Be5 35. Bxe5 fxe5 36. Rh6 Rf7 37. Re6+ Kd7 38. Rxe5 Kc7 39. Red5 Rf6
40. Rg1 Rf7 41. Rd2 Rc5 42. Rf2 Kd7 43. Rg5 Kc6 44. Rh5 a5 45. a3 Rd5 46. Kb2
Kc5 47. Rh4 Rd4 48. Rh6 Rd5 49. f6 Rg5 50. Rh3 Rg6 51. Rh5+ Kc6 52. Rhf5 h6 53.
R2f3 b4 54. h4 Kd7 55. a4 Ke6 56. Rxa5 Rg4 57. Rh5 d5 58. Rf2 d4 59. Rxh6 Ke5
60. Rh8 1-0

[Event "XIV Festival A"]
[Site "Porto San Giorgio ITA"]
[Date "2002.08.25"]
[Round "6"]
[White "Kohlweyer, Bernd"]
[Black "Farago, Ivan"]
[Result "1/2-1/2"]
[WhiteElo "2452"]
[BlackElo "2502"]
[PlyCount "45"]
[EventDate "2002.08.20"]

1. Nf3 Nf6 2. c4 c5 3. Nc3 Nc6 4. g3 d5 5. d4 e6 6. cxd5 Nxd5 7. Bg2 cxd4 8.
Nxd4 Nxc3 9. bxc3 Nxd4 10. Qxd4 Qxd4 11. cxd4 Bb4+ 12. Bd2 Bxd2+ 13. Kxd2 Ke7
14. Rhc1 Rd8 15. Rc7+ Rd7 16. Rac1 Kd8 17. Rxd7+ Kxd7 18. g4 h6 19. f4 Rb8 20.
g5 hxg5 21. fxg5 b6 22. h4 g6 23. Bf3 1/2-1/2

[Event "XIV Festival A"]
[Site "Porto San Giorgio ITA"]
[Date "2002.08.25"]
[Round "6"]
[White "Malloni, Marcello"]
[Black "Bruned, Boris"]
[Result "1-0"]
[WhiteElo "2261"]
[BlackElo "2035"]
[PlyCount "73"]
[EventDate "2002.08.20"]

1. d4 Nf6 2. c4 g6 3. Nc3 Bg7 4. e4 d6 5. h3 O-O 6. Bg5 Nbd7 7. Nf3 e5 8. d5 h6
9. Be3 a5 10. g4 Ne8 11. Qd2 Kh7 12. Bd3 b6 13. O-O-O Nc5 14. Bc2 Bd7 15. b3
Qc8 16. Nh4 Qd8 17. Ng2 Qe7 18. f3 Rh8 19. Rdg1 Kg8 20. h4 h5 21. g5 Kh7 22.
Ne1 f6 23. a3 Rf8 24. Kb2 f5 25. b4 axb4 26. axb4 Na4+ 27. Bxa4 Bxa4 28. b5 f4
29. Bf2 Qd8 30. Nd3 Ra5 31. Ra1 Qa8 32. Ra2 c6 33. dxc6 Qa7 34. Rha1 Nc7 35.
Rxa4 Rxa4 36. Rxa4 Qb7 37. Nb4 1-0

[Event "XIV Festival A"]
[Site "Porto San Giorgio ITA"]
[Date "2002.08.25"]
[Round "6"]
[White "Miezis, Normunds"]
[Black "Sax, Gyula"]
[Result "1/2-1/2"]
[WhiteElo "2510"]
[BlackElo "2518"]
[PlyCount "30"]
[EventDate "2002.08.20"]

1. c4 Nf6 2. Nc3 e5 3. g3 Bb4 4. Bg2 O-O 5. e4 Bxc3 6. dxc3 d6 7. Qe2 Nbd7 8.
Nf3 Nc5 9. Nh4 a6 10. O-O b5 11. Be3 Ncxe4 12. f3 Nc5 13. Bxc5 dxc5 14. Qxe5
Qd6 15. f4 Rb8 1/2-1/2

[Event "XIV Festival A"]
[Site "Porto San Giorgio ITA"]
[Date "2002.08.25"]
[Round "6"]
[White "Naumkin, Igor"]
[Black "Esposito, Luca"]
[Result "1/2-1/2"]
[WhiteElo "2436"]
[BlackElo "2155"]
[PlyCount "69"]
[EventDate "2002.08.20"]

1. d4 Nf6 2. Nf3 e6 3. c4 Bb4+ 4. Nbd2 b6 5. e3 Bb7 6. Bd3 O-O 7. O-O d5 8. a3
Be7 9. Qc2 Nbd7 10. cxd5 exd5 11. b4 c5 12. bxc5 bxc5 13. Rb1 Qc7 14. dxc5 Nxc5
15. Bb2 Rfc8 16. Bf5 Ba6 17. Rfc1 Ne6 18. Qxc7 Rxc7 19. Rxc7 Nxc7 20. Nd4 Nce8
21. Nc6 Bf8 22. Bc2 Bb5 23. Nd4 Bd7 24. f3 Nd6 25. g4 h6 26. Bc3 Rc8 27. Bb4
Nb5 28. Bxf8 Nxd4 29. exd4 Kxf8 30. Bd1 Rc3 31. Rb3 Rc1 32. Rb1 Rc3 33. Rb3 Rc1
34. Rb1 Rc3 35. Rb3 1/2-1/2

[Event "XIV Festival A"]
[Site "Porto San Giorgio ITA"]
[Date "2002.08.25"]
[Round "6"]
[White "Ori, Marco"]
[Black "Rubino, Aniello"]
[Result "1/2-1/2"]
[WhiteElo "2053"]
[BlackElo "2163"]
[PlyCount "42"]
[EventDate "2002.08.20"]

1. e4 c6 2. Nf3 d5 3. Nc3 dxe4 4. Nxe4 Bg4 5. h3 Bh5 6. Ng3 Bxf3 7. Qxf3 e6 8.
c3 Nf6 9. d4 Nbd7 10. Bd3 Bd6 11. Ne4 Nxe4 12. Bxe4 Nf6 13. Bc2 Qc7 14. Bg5 Be7
15. O-O-O Qa5 16. Bxf6 Bxf6 17. Kb1 O-O-O 18. Rd3 Rd7 19. Rhd1 Rhd8 20. Qe4 h6
21. f4 Qd5 1/2-1/2

[Event "XIV Festival A"]
[Site "Porto San Giorgio ITA"]
[Date "2002.08.25"]
[Round "6"]
[White "Ortega, Lexy"]
[Black "Barsov, Alexei"]
[Result "1-0"]
[WhiteElo "2467"]
[BlackElo "2550"]
[PlyCount "59"]
[EventDate "2002.08.20"]

1. d4 Nf6 2. Nf3 c5 3. d5 e6 4. c4 a6 5. Nc3 b5 6. e4 b4 7. e5 bxc3 8. exf6 Qa5
9. bxc3 Qxc3+ 10. Bd2 Qxf6 11. Bd3 h6 12. O-O d6 13. Qa4+ Bd7 14. Qb3 Bc8 15.
dxe6 fxe6 16. Be4 d5 17. cxd5 Bd6 18. dxe6 Ra7 19. Rfe1 Re7 20. Qd3 Rxe6 21.
Bf5 Be7 22. Bxe6 Bxe6 23. Bc3 Qf7 24. Ne5 Qf5 25. Qg3 Bd6 26. Rad1 Bc7 27. Qg6+
Kf8 28. Nd7+ Nxd7 29. Qxg7+ Ke8 30. Qxd7+ 1-0

[Event "XIV Festival A"]
[Site "Porto San Giorgio ITA"]
[Date "2002.08.25"]
[Round "6"]
[White "Pacilli, Emanuele"]
[Black "De Poi, Paolo"]
[Result "1/2-1/2"]
[WhiteElo "2142"]
[BlackElo "2219"]
[PlyCount "41"]
[EventDate "2002.08.20"]

1. e4 c5 2. Nf3 d6 3. d4 cxd4 4. Nxd4 Nf6 5. Nc3 g6 6. Be3 Bg7 7. f3 O-O 8. Qd2
Nc6 9. Bc4 Nd7 10. Bb3 Nb6 11. Qf2 Na5 12. O-O-O Nbc4 13. Bg5 h6 14. Bh4 a6 15.
f4 Bd7 16. Rhf1 Rc8 17. Nd5 Re8 18. Kb1 Rc5 19. c3 Bc6 20. Nxc6 Rxc6 21. e5
1/2-1/2

[Event "XIV Festival A"]
[Site "Porto San Giorgio ITA"]
[Date "2002.08.25"]
[Round "6"]
[White "Palac, Mladen"]
[Black "Lazarev, Vladimir"]
[Result "1/2-1/2"]
[WhiteElo "2564"]
[BlackElo "2458"]
[PlyCount "20"]
[EventDate "2002.08.20"]

1. e4 c5 2. Nf3 Nc6 3. Bb5 Nf6 4. e5 Nd5 5. O-O Nc7 6. Bxc6 dxc6 7. d3 g6 8.
Be3 b6 9. h3 Bg7 10. Qe2 h6 1/2-1/2

[Event "XIV Festival A"]
[Site "Porto San Giorgio ITA"]
[Date "2002.08.25"]
[Round "6"]
[White "Roeder, Matthias"]
[Black "Laketic, Gojko"]
[Result "1/2-1/2"]
[WhiteElo "2485"]
[BlackElo "2448"]
[PlyCount "21"]
[EventDate "2002.08.20"]

1. d4 e6 2. e4 d5 3. exd5 exd5 4. Nf3 Bd6 5. c4 dxc4 6. Bxc4 Nf6 7. O-O O-O 8.
Nc3 Nbd7 9. h3 Nb6 10. Bb3 c6 11. Re1 1/2-1/2